000 01835cam a22005174i 4500
003 PE-LiUPU
005 20250731165557.0
008 150625s r 000 0 d
020 _a8472398382
035 _a(Sirsi) i9788472398382
040 _aPE-LiUPU
_bspa
_cPE-LiUPU
_erda
049 _aPRUA
082 0 4 _a230.92
_bB75
_221
100 1 _aBosch Navarro, Juan,
_eautor.
245 1 0 _aDiccionario de teólogos/as contemporáneos /
_cJuan Bosch Navarro.
264 1 _aBurgos, España :
_bMonte Carmelo,
_c2004.
300 _a1014 páginas ;
_c26 centímetros
336 _atext
_2rdacontent
337 _aunmediated
_2rdamedia
338 _avolume
_2rdacarrier
490 0 _aDiccionarios "MC"
504 _aInclye referencias bibliográficas al final de cada entrada.
505 0 _aDiccionario de Teólogos/ as contemporáneos "MC".
526 _aSEG44
526 _aSEG26
526 _aP151
526 _aP150
526 _aP149
526 _aP146
526 _aP145
526 _aP126
526 _aP125
526 _aP92
526 _aP75
526 _aP74
526 _aP27
526 _aP15
541 _g007-0017629;
650 0 4 _aTeólogos
_vBiografías.
650 0 4 _aTeólogos
_vDiccionarios.
942 _2ddc
_cBOOK
949 _aRC 230.92 B75
_wDEWEY
_c1
_i55900
_d2015-9-15
_lCCODEBUL1
_mBUL
_p77.00
_q7
_r0
_sY
_tBOOK
_u2015-6-25
_xTEOLOGIA
_zUNKNOWN
_0COMPRA
_o.CIRCNOTE. No olvidar cambiar la fecha de devolución!!!!!!!
_o.STAFF. Colección General
994 _aC0
_bPEPRU
596 _a1
999 _aRC 230.92 B75
_wDEWEY
_c44738
_i55900
_d44738
_f2021-11-8
_g6
_lCCODEBUL1
_mBUL
_p77.00
_q14
_r1
_sY
_tBOOK
_u2015-6-25
_xTEOLOGIA
_zUNKNOWN
_0COMPRA
_o.CIRCNOTE. No olvidar cambiar la fecha de devolución!!!!!!!
_o.STAFF. Colección General
980 _81
_gALBERTO SANCHEZ Responsable de Automatización